000 00984nac a22003017a 4500
001 BR0103505
003 BR-BrBNA
005 20240105122609.0
008 230509b bl.|||m| |||| 00| 0 por d
040 _aBR-BrBNA
_bpor
_cBiblioteca Nacional de Agricultura
072 _aC30
090 _aC30 BR0103505
100 1 _aOliveira, S.R. de M.
100 1 _aHemerly, F.X.
100 1 _aMartin, N.B.
100 1 _aOtani, M.N.
100 1 _aAngelo, J.A.
110 1 _aEMBRAPA Informatica Agropecuaria, Campinas, SP (Brasil)
_93638
245 1 _aPDAM - Automatizando o processo de planejamento de atividades agricolas municipais
260 3 _aCampinas, SP (Brasil):
_c2001.
300 _a5 p.
490 _aComunicado Tecnico da EMBRAPA Informatica Agropecuaria (Brazil)
_vno. 13
_xISSN 1516-5620
500 _aSummary (Pt); 11 ref.
650 _aInformatica
650 _aPlanejamento Agricola
909 _a202312
_bLúcia Elande
_c55
_dLúcia Elande
942 _2AGRIS
_n0
_cMS
999 _c291845
_d291845